[Event "Championnat de France des Jeunes - Pupillettes"]
[Site "MONTLUCON"]
[Date "2011.04.18"]
[Round "3.9"]
[White "Schwindling, Marie"]
[Black "Mutschler, Marie"]
[Result "1-0"]
[WhiteElo "1380"]
[BlackElo "1610"]
[PlyCount "69"]

1. d4 Nf6 2. c4 g6 3. Nf3 Bg7 4. Bg5 O-O 5. Nc3 d6 6. e4 Nbd7 7. Bd3 Qe8 8. O-O
e5 9. dxe5 dxe5 10. Qd2 Nh5 11. Nd5 Nc5 12. Bh6 c6 13. Nc7 Qe7 14. Nxa8 Nxd3
15. Bxg7 Kxg7 16. Qxd3 Bg4 17. Qc3 Bxf3 18. Qxf3 Rxa8 19. Rad1 Qe6 20. Rd2 Qxc4
21. Rfd1 Qxa2 22. Rd7 Rb8 23. g3 Nf6 24. Re7 Ng8 25. Rc7 Nf6 26. Re7 Qxb2 27.
Rd6 Qb4 28. Qxf6+ Kh6 29. Rxf7 Qe1+ 30. Kg2 Qxe4+ 31. Kh3 Rh8 32. Qxh8 Kg5 33.
f4+ exf4 34. gxf4+ Kh5 35. Qxh7# 1-0

[Event "Championnat de France des Jeunes - Pupillettes"]
[Site "MONTLUCON"]
[Date "2011.04.18"]
[Round "3.10"]
[White "Gregoire, Roxanne"]
[Black "Tournebise, Nikita"]
[Result "0-1"]
[WhiteElo "1383"]
[BlackElo "1560"]
[PlyCount "38"]

1. e4 e5 2. Nf3 Nc6 3. d4 exd4 4. Nxd4 Bc5 5. Be3 Qf6 6. c3 b6 7. Bc4 Bb7 8.
O-O O-O-O 9. Qd2 h6 10. b4 Bd6 11. a4 Qh4 12. Nf3 Qxe4 13. Bxf7 Ne5 14. Bh5 g6
15. Bxg6 Qxg6 16. Ng5 hxg5 17. Bxg5 Nf3+ 18. gxf3 Bxf3 19. Qe3 Bxh2# 0-1

[Event "Championnat de France des Jeunes - Pupillettes"]
[Site "MONTLUCON"]
[Date "2011.04.19"]
[Round "4.1"]
[White "Broly, Mathilde"]
[Black "Hug, Roxana"]
[Result "0-1"]
[WhiteElo "1634"]
[BlackElo "1550"]
[Annotator ""]

1. c4 e6 2. Nf3 d5 3. b3 Nf6 4. Bb2 Nbd7 5. d4 b6 6. Nc3 Bb7 7. e3 Be7 8. Be2
O-O 9. O-O Rc8 10. cxd5 Nxd5 11. Nxd5 Bxd5 12. Ba6 Rb8 13. Bc4 Bb7 14. Rc1 Rc8
15. Qd3 Bxf3 16. gxf3 Bd6 17. e4 Bf4 18. Rfd1 Bxc1 19. Bxc1 Qh4 20. Kf1 Nf6 21.
Ke2 Nh5 22. Qe3 c5 23. d5 exd5 24. Bxd5 Rcd8 25. a3 Rfe8 26. e5 Nf6 27. Bc4
Rxd1 28. Kxd1 Qxh2 29. Bb2 Nh5 30. Kc2 Rd8 31. Bc1 Qg2 32. Bd2 h6 33. e6 Qg6+
34. Kb2 fxe6 35. Bxe6+ Kh8 36. Bc4 Nf6 37. Bc3 Rd1 38. Bxf6 Qb1+ 39. Kc3 Qc1+
40. Qxc1 Rxc1+ 41. Kd2 Rxc4 42. Bxg7+ Kxg7 43. bxc4 h5 44. f4 Kf6 45. Ke3 Kf5
46. Kf3 h4 47. Kg2 Kxf4 48. Kh3 Kf3 49. Kxh4 0-1

[Event "Championnat de France des Jeunes - Pupillettes"]
[Site "MONTLUCON"]
[Date "2011.04.19"]
[Round "4.2"]
[White "Le Bihan, Alison"]
[Black "Afraoui, Anaelle"]
[Result "1/2-1/2"]
[WhiteElo "1600"]
[BlackElo "1503"]
[PlyCount "57"]

1. d4 d5 2. Nf3 c6 3. g3 Bf5 4. Bg2 e6 5. O-O Nf6 6. c4 Bd6 7. Qb3 Qc7 8. Nc3
h6 9. c5 Be7 10. Bf4 Qc8 11. Ne5 O-O 12. a4 Nfd7 13. Nxd7 Qxd7 14. Qa2 Bf6 15.
Bd6 Re8 16. Rfd1 e5 17. dxe5 Bxe5 18. Bxe5 Rxe5 19. e4 Be6 20. exd5 cxd5 21.
Nxd5 Na6 22. Nf6+ gxf6 23. Rxd7 Bxa2 24. Rxa2 Re1+ 25. Bf1 Nxc5 26. Rd5 b6 27.
a5 Rae8 28. b4 Ne4 29. Rd4 1/2-1/2

[Event "Championnat de France des Jeunes - Pupillettes"]
[Site "MONTLUCON"]
[Date "2011.04.19"]
[Round "4.3"]
[White "Aubert, Laurane"]
[Black "Chung, Mathilde"]
[Result "1/2-1/2"]
[WhiteElo "1420"]
[BlackElo "1668"]
[PlyCount "98"]

1. e4 d6 2. d4 Nf6 3. Nc3 g6 4. Nf3 Bg7 5. Be2 O-O 6. O-O e5 7. dxe5 dxe5 8.
Bg5 Nbd7 9. Nd5 c6 10. Nxf6+ Bxf6 11. Bxf6 Qxf6 12. c3 Rd8 13. Qc2 Nc5 14. Nd2
Be6 15. Rad1 b5 16. b3 Rd7 17. a3 Rad8 18. c4 bxc4 19. Bxc4 Bxc4 20. Qxc4 Nxb3
21. Qxb3 Rxd2 22. Rxd2 Rxd2 23. Qb8+ Kg7 24. Qxa7 Qf4 25. Re1 Re2 26. Rf1 Qxe4
27. Qc5 Ra2 28. h3 Qd5 29. Qc3 Qd6 30. a4 Rxa4 31. f4 Qd4+ 32. Qxd4 exd4 33.
Rd1 c5 34. Kf2 Kf6 35. Kf3 Ke6 36. Ke4 f5+ 37. Kd3 Kd5 38. Re1 c4+ 39. Kc2 d3+
40. Kd2 Kd4 41. Re7 c3+ 42. Ke1 d2+ 43. Kd1 Ra1+ 44. Ke2 d1=Q+ 45. Kf2 Ra2+ 46.
Kg3 Qd3+ 47. Kh4 Rxg2 48. Rd7+ Ke3 49. Rxd3+ Kxd3 1/2-1/2

[Event "Championnat de France des Jeunes - Pupillettes"]
[Site "MONTLUCON"]
[Date "2011.04.19"]
[Round "4.4"]
[White "Guyon, Sophie"]
[Black "Malferrari, Sofia"]
[Result "1/2-1/2"]
[WhiteElo "1400"]
[BlackElo "1606"]
[PlyCount "59"]

1. e4 c5 2. Nf3 Nc6 3. d4 cxd4 4. Nxd4 Nf6 5. Nc3 d6 6. Bb5 Bd7 7. O-O e6 8.
Bg5 Be7 9. Qd2 O-O 10. Rfd1 Nxd4 11. Qxd4 h6 12. Bh4 a6 13. Bxd7 Qxd7 14. Bxf6
Bxf6 15. Qxd6 Qxd6 16. Rxd6 Bxc3 17. bxc3 Rac8 18. Rd3 Rc4 19. f3 Rfc8 20. Rb1
Rxc3 21. Rxc3 Rxc3 22. Rb2 a5 23. a4 Rc7 24. Kf2 Kh7 25. Ke3 Kg6 26. Kd3 Rd7+
27. Ke2 Rc7 28. Kd3 Rd7+ 29. Ke2 Rc7 30. Kd3 1/2-1/2

[Event "Championnat de France des Jeunes - Pupillettes"]
[Site "MONTLUCON"]
[Date "2011.04.19"]
[Round "4.5"]
[White "Tournebise, Nikita"]
[Black "Beda, Salome"]
[Result "0-1"]
[WhiteElo "1560"]
[BlackElo "1437"]
[PlyCount "78"]

1. e4 e6 2. Nf3 d5 3. e5 c5 4. c3 Nc6 5. d4 Qb6 6. dxc5 Bxc5 7. Qc2 Nge7 8. b4
Nxb4 9. cxb4 Bxb4+ 10. Nbd2 Nf5 11. Qd3 Bd7 12. a4 a5 13. Be2 O-O 14. O-O Rac8
15. g4 Ne7 16. Ng5 Ng6 17. Qh3 h6 18. Ngf3 Nf4 19. Qh4 Nxe2+ 20. Kh1 Nxc1 21.
Raxc1 Bxd2 22. Nxd2 Rxc1 23. Rxc1 Qb2 24. Rg1 Qxd2 25. g5 Kh7 26. gxh6 Qxh6 27.
Qe7 Bc6 28. Qa3 d4+ 29. f3 Rd8 30. Qd3+ Kh8 31. Rd1 Qf4 32. Rf1 Qxe5 33. Qd2 d3
34. Kg2 Qe2+ 35. Qxe2 dxe2 36. Re1 Bxa4 37. Rxe2 Bc6 38. Ra2 Ra8 39. Kg3 b5 0-1

[Event "Championnat de France des Jeunes - Pupillettes"]
[Site "MONTLUCON"]
[Date "2011.04.19"]
[Round "4.6"]
[White "Guerin, Juliette"]
[Black "Schwindling, Marie"]
[Result "1-0"]
[WhiteElo "1530"]
[BlackElo "1380"]
[PlyCount "61"]

1. e4 e6 2. d4 d5 3. Nd2 Nf6 4. e5 Nfd7 5. Ngf3 c5 6. c3 Nc6 7. Be2 Qb6 8. Nb3
a5 9. a4 cxd4 10. Nbxd4 Ncxe5 11. O-O Nxf3+ 12. Bxf3 Bc5 13. Rb1 O-O 14. Nb5
Qc6 15. c4 Nf6 16. cxd5 exd5 17. Nc3 Rd8 18. Re1 Bf5 19. Ra1 Qb6 20. Rf1 d4 21.
Nb5 d3 22. Bf4 Rd7 23. Rc1 d2 24. Rc3 Re8 25. Kh1 Bxf2 26. Bxd2 Red8 27. Rc7
Rxd2 28. Qa1 Qe3 29. Qa2 Bh3 30. Qxf7+ Kh8 31. Qxg7# 1-0

[Event "Championnat de France des Jeunes - Pupillettes"]
[Site "MONTLUCON"]
[Date "2011.04.19"]
[Round "4.7"]
[White "Gtari, Aliya"]
[Black "Khenfir, Helene"]
[Result "1-0"]
[WhiteElo "1450"]
[BlackElo "1199"]
[PlyCount "91"]

1. e4 c6 2. d4 d5 3. exd5 cxd5 4. Nf3 Nc6 5. Be3 Nf6 6. Nc3 Bf5 7. a3 e6 8. Bb5
a6 9. Bxc6+ bxc6 10. Ne5 Qc7 11. O-O Bd6 12. Nf3 O-O 13. h3 h6 14. Re1 Rab8 15.
b4 a5 16. bxa5 Qxa5 17. Bd2 Bxa3 18. Nb1 Qa4 19. Nxa3 Qa7 20. Nc4 Qb7 21. Nce5
Ne4 22. Bf4 Nc3 23. Qc1 Qb5 24. Qe3 Qb2 25. Nd7 Qxc2 26. Nxb8 Bd3 27. Kh2 Ne4
28. Kg1 Nc3 29. Nd2 Ne2+ 30. Rxe2 Bxe2 31. Qxe2 Qf5 32. Qe3 g5 33. Be5 f6 34.
Nxc6 Rf7 35. Bd6 Kg7 36. Nd8 Rd7 37. Nxe6+ Kf7 38. Ra6 Qc2 39. Nc5 Qd1+ 40. Nf1
Rxd6 41. Rxd6 Kg6 42. Qe7 Qxd4 43. Nd7 Kf5 44. Rxf6+ Qxf6 45. Qxf6+ Ke4 46.
Nc5# 1-0

[Event "Championnat de France des Jeunes - Pupillettes"]
[Site "MONTLUCON"]
[Date "2011.04.19"]
[Round "4.8"]
[White "Lardjane, Indya"]
[Black "Schuller, Marine"]
[Result "0-1"]
[WhiteElo "1350"]
[BlackElo "1617"]
[PlyCount "112"]

1. e4 d5 2. e5 Nc6 3. Nf3 Bg4 4. Be2 Bxf3 5. Bxf3 Nxe5 6. Nc3 e6 7. O-O Nf6 8.
Re1 Nxf3+ 9. Qxf3 Bd6 10. d3 h6 11. Nb5 c6 12. Nxd6+ Qxd6 13. c4 dxc4 14. dxc4
Qb4 15. Rd1 Qxc4 16. Qg3 Qg4 17. Qxg4 Nxg4 18. h3 Nf6 19. Bf4 O-O 20. Be5 Nd5
21. Rac1 Rad8 22. a3 f6 23. Bg3 e5 24. f3 Kf7 25. Kf1 Ne3+ 26. Ke2 Nxd1 27.
Rxd1 Rxd1 28. Kxd1 Rd8+ 29. Ke2 g5 30. Bf2 a6 31. g4 b5 32. Bb6 Rd5 33. Ke3 Ke6
34. Ke4 Rd2 35. b4 Ra2 36. Bc5 Kf7 37. Kf5 Rxa3 38. Bb6 Rxf3+ 39. Ke4 Rf4+ 40.
Ke3 Rxb4 41. Bc5 Rc4 42. Ba3 b4 43. Bb2 Rc2 44. Ba1 b3 45. Kd3 b2 46. Kxc2
bxa1=Q 47. Kd2 Qa3 48. Kc2 c5 49. Kd2 c4 50. Kc2 Ke6 51. h4 Kd5 52. hxg5 hxg5
53. Kd2 Qd3+ 54. Kc1 Qe2 55. Kb1 c3 56. Ka1 Qb2# 0-1

[Event "Championnat de France des Jeunes - Pupillettes"]
[Site "MONTLUCON"]
[Date "2011.04.19"]
[Round "4.9"]
[White "Retailleau, Elise"]
[Black "Leriche, Ines"]
[Result "1/2-1/2"]
[WhiteElo "1350"]
[BlackElo "1585"]
[PlyCount "149"]

1. e4 c6 2. d4 d5 3. Nc3 dxe4 4. Nxe4 Bf5 5. Ng3 Bg6 6. Bc4 Nf6 7. N1e2 h6 8.
O-O e6 9. Re1 Nd5 10. Nf4 Bh7 11. c3 Be7 12. Qf3 O-O 13. Ngh5 Nxf4 14. Bxf4 Nd7
15. Qg4 Bg5 16. h4 Bf5 17. Qg3 Bf6 18. Bxh6 Bg6 19. Nxf6+ Qxf6 20. Bg5 Qf5 21.
Qf4 Qxf4 22. Bxf4 Rac8 23. Rad1 b5 24. Bd3 Bxd3 25. Rxd3 c5 26. d5 exd5 27.
Rxd5 Nf6 28. Rg5 Rfe8 29. Rxe8+ Nxe8 30. Be3 Nf6 31. Rxc5 Rxc5 32. Bxc5 a6 33.
Kf1 Ne4 34. Bd4 f6 35. Ke2 Kf7 36. b3 Ke6 37. c4 bxc4 38. bxc4 Nd6 39. Kd3 Nf5
40. g3 Kd6 41. Kc3 Kc6 42. a4 Kd6 43. a5 Ne7 44. g4 Nc6 45. Bb6 Ke5 46. g5 Kf5
47. gxf6 gxf6 48. Kd3 Kg4 49. Ke4 f5+ 50. Kd5 Nb4+ 51. Ke5 Nc6+ 52. Kd5 Nb4+
53. Kd4 Kxh4 54. Ke3 Kg5 55. Kf3 Kf6 56. Kg3 Ke5 57. Kh4 Nd3 58. Kg5 f4 59. f3
Ne1 60. Bc7+ Kd4 61. Kxf4 Kxc4 62. Ke4 Nxf3 63. Kxf3 Kc5 64. Ke4 Kc6 65. Bb6
Kb7 66. Kd5 Kb8 67. Kc6 Ka8 68. Bd4 Kb8 69. Kb6 Ka8 70. Kxa6 Kb8 71. Kb5 Kb7
72. a6+ Ka8 73. Kb6 Kb8 74. a7+ Ka8 75. Kc7 1/2-1/2

[Event "Championnat de France des Jeunes - Pupillettes"]
[Site "MONTLUCON"]
[Date "2011.04.19"]
[Round "4.10"]
[White "Gregot, Eva"]
[Black "Guerlain, Melanie"]
[Result "1/2-1/2"]
[WhiteElo "1310"]
[BlackElo "1500"]
[PlyCount "127"]

1. d4 d5 2. c4 dxc4 3. Nc3 e6 4. e4 c5 5. Nf3 Nf6 6. Bg5 Be7 7. Bxc4 a6 8. dxc5
Qxd1+ 9. Rxd1 Nc6 10. e5 Nd7 11. Bxe7 Nxe7 12. b4 b5 13. cxb6 Nxb6 14. Bb3 O-O
15. O-O Bb7 16. b5 Rfc8 17. Rd6 Ned5 18. Nxd5 Nxd5 19. bxa6 Bxa6 20. Bxd5 exd5
21. Ra1 Bc4 22. a4 Rc7 23. a5 Rb7 24. h3 Rba7 25. Nd4 h6 26. Nc6 Ra6 27. Re1
Re8 28. e6 fxe6 29. Rexe6 Rxe6 30. Rxe6 Kh7 31. f4 d4 32. Re4 Rxc6 33. Rxd4 Ba6
34. Rd5 Rf6 35. f5 Bc8 36. g4 Bb7 37. Rd7 Bc8 38. Rd5 Ba6 39. Kf2 Kg8 40. Ke3
Kh7 41. Kf4 g6 42. h4 Bc8 43. Re5 Kg7 44. Rc5 Ba6 45. Re5 Bc8 46. Rc5 Ba6 47.
Ke5 Rf7 48. Rc6 Re7+ 49. Re6 Rxe6+ 50. fxe6 Bb5 51. g5 hxg5 52. hxg5 Ba6 53.
Kd6 Kf8 54. e7+ Ke8 55. Ke6 Bc4+ 56. Kf6 Bd3 57. Ke6 Bf5+ 58. Kf6 Bd3 59. a6
Bxa6 60. Kxg6 Kxe7 61. Kg7 Bd3 62. Kh6 Kf7 63. Kh5 Kg7 64. Kh4 1/2-1/2

[Event "Championnat de France des Jeunes - Pupillettes"]
[Site "MONTLUCON"]
[Date ""]
[Round "5.1"]
[White "Hug, Roxana"]
[Black "Le Bihan, Alison"]
[Result "1-0"]
[WhiteElo "1550"]
[BlackElo "1600"]
[Annotator ""]

1. e4 c5 2. Nc3 g6 3. g3 Bg7 4. Bg2 Nc6 5. d3 d6 6. Be3 Nf6 7. h3 a6 8. Qd2 b5
9. a3 Qa5 10. Nge2 Bd7 11. O-O O-O 12. Rad1 Rab8 13. Bh6 Rfc8 14. Bxg7 Kxg7 15.
Kh1 Nd4 16. Qc1 Nxe2 17. Nxe2 Bc6 18. f4 c4 19. Qe3 Qb6 20. Qd2 cxd3 21. cxd3
Bb7 22. Nc3 Qd4 23. g4 e6 24. Bf3 Rg8 25. h4 e5 26. f5 gxf5 27. Qg5+ Kf8 28.
Qxf6 f4 29. h5 Re8 30. Nd5 Bxd5 31. Qxd6+ Re7 1-0

[Event "Championnat de France des Jeunes - Pupillettes"]
[Site "MONTLUCON"]
[Date "2011.04.20"]
[Round "5.3"]
[White "Beda, Salome"]
[Black "Aubert, Laurane"]
[Result "0-1"]
[WhiteElo "1437"]
[BlackElo "1420"]
[PlyCount "112"]

1. e4 e5 2. Nf3 Nc6 3. Bc4 Bc5 4. c3 Nf6 5. d3 d6 6. Bb3 O-O 7. O-O Bg4 8. Nbd2
Nh5 9. Re1 Nf4 10. Nf1 Qf6 11. Bxf4 Qxf4 12. N1d2 Kh8 13. Qe2 f5 14. Bd1 Bh5
15. Nf1 Bxf3 16. Qxf3 fxe4 17. dxe4 Qh4 18. g3 Qe7 19. Qe2 Bxf2+ 20. Kh1 Bxe1
21. Qxe1 Qf6 22. Ne3 Qf2 23. Qxf2 Rxf2 24. b3 Raf8 25. Bg4 Rb2 26. h4 Rff2 27.
Kg1 Rxa2 28. Re1 Nb8 29. Nd1 Rg2+ 30. Kh1 Rh2+ 31. Kg1 Rag2+ 32. Kf1 Rxg3 33.
Nf2 Rxh4 34. Rc1 h5 35. Be6 Rf3 36. Ke2 Rhf4 37. Nd3 Rf6 38. Bf5 Rg3 39. Rh1 g6
40. Bh3 Rff3 41. Nc1 Rxh3 42. Rxh3 Rxh3 43. Kd2 g5 44. Ne2 Rh2 45. Ke3 g4 46.
b4 h4 47. Ng1 Rg2 48. Ne2 h3 49. Kd2 Rxe2+ 50. Kxe2 h2 51. Kf2 h1=Q 52. Ke2 g3
53. c4 g2 54. c5 g1=Q 55. cxd6 Qd1+ 56. Kf2 Qdf3# 0-1

[Event "Championnat de France des Jeunes - Pupillettes"]
[Site "MONTLUCON"]
[Date "2011.04.20"]
[Round "5.4"]
[White "Schuller, Marine"]
[Black "Gtari, Aliya"]
[Result "0-1"]
[WhiteElo "1617"]
[BlackElo "1450"]
[PlyCount "64"]

1. e4 d5 2. exd5 Qxd5 3. Nc3 Qd6 4. Nf3 Nf6 5. Bc4 h6 6. d3 a6 7. h3 b5 8. Bb3
Bb7 9. Be3 e6 10. O-O Nbd7 11. Re1 Nb6 12. a3 Be7 13. Ba2 b4 14. axb4 Qxb4 15.
Bb3 O-O 16. Bd2 Qd6 17. Ra5 Qc6 18. Ne4 Nxe4 19. Rxe4 Bf6 20. Bb4 Rfd8 21. Rc5
Qxe4 22. Bc3 Bxc3 23. Rxc3 Qf4 24. Nd2 Qg5 25. f3 Nd5 26. Bxd5 Qxd5 27. Rxc7
Qd4+ 28. Kh1 Qxb2 29. Nb3 Bc8 30. Qe2 a5 31. Qd1 a4 32. Na1 Rb8 0-1

[Event "Championnat de France des Jeunes - Pupillettes"]
[Site "MONTLUCON"]
[Date "2011.04.20"]
[Round "5.5"]
[White "Chung, Mathilde"]
[Black "Bellahcene, Anissa"]
[Result "1/2-1/2"]
[WhiteElo "1668"]
[BlackElo "1413"]
[PlyCount "110"]

1. d4 d5 2. Nf3 Nf6 3. c4 e6 4. Nc3 c6 5. e3 Nbd7 6. Bd3 dxc4 7. Bxc4 b5 8. Bd3
Be7 9. O-O O-O 10. a3 Bb7 11. e4 a6 12. b4 a5 13. Rb1 axb4 14. axb4 Nb6 15. Qe2
Re8 16. Bf4 Na4 17. Rfc1 Nxc3 18. Rxc3 Ra4 19. Rcb3 Qa8 20. h3 Rd8 21. Be5 h6
22. Ne1 Nd7 23. Bc7 Rc8 24. Ba5 Bd8 25. Bxd8 Rxd8 26. Rc3 e5 27. d5 cxd5 28.
exd5 Bxd5 29. Bxb5 Ra2 30. Qh5 Nf6 31. Qxe5 Re8 32. Bxe8 Qa7 33. Qe3 Qa8 34.
Bb5 Ne4 35. Rd3 Rxf2 36. Rbd1 Rf5 37. Rxd5 Rxd5 38. Qxe4 Qa7+ 39. Kh2 Rxd1 40.
Qe8+ Kh7 41. Bd3+ g6 42. Qe5 Qf2 43. Bxg6+ Kxg6 44. Qe4+ Qf5 45. Qc6+ Kg7 46.
Qc3+ f6 47. Qg3+ Qg6 48. Qc7+ Qf7 49. Qg3+ Kh7 50. Qc3 Rd6 51. b5 Qb7 52. Qc5
Rb6 53. Qf5+ Kg8 54. Qg6+ Qg7 55. Qe8+ Kh7 1/2-1/2

[Event "Championnat de France des Jeunes - Pupillettes"]
[Site "MONTLUCON"]
[Date "2011.04.20"]
[Round "5.6"]
[White "Mata, Maria"]
[Black "Broly, Mathilde"]
[Result "1/2-1/2"]
[WhiteElo "1250"]
[BlackElo "1634"]
[PlyCount "71"]

1. e4 c5 2. Nf3 d6 3. c3 g6 4. Be2 Bg7 5. O-O Nf6 6. Bb5+ Bd7 7. Bxd7+ Qxd7 8.
Re1 O-O 9. d4 cxd4 10. cxd4 d5 11. e5 Ne4 12. Nc3 Nxc3 13. bxc3 e6 14. h4 Nc6
15. Nh2 Qe7 16. Bg5 f6 17. exf6 Bxf6 18. Bxf6 Qxf6 19. Qe2 Nd8 20. g3 Rc8 21.
Ng4 Qg7 22. Rac1 Rc7 23. Qe5 Rcf7 24. c4 h5 25. Qxg7+ Kxg7 26. Ne5 Re7 27. cxd5
exd5 28. Rc5 Nc6 29. Rxd5 Rfe8 30. Re3 Nxd4 31. Rxd4 Rxe5 32. Rxe5 Rxe5 33.
Rd7+ Kf6 34. Rxb7 Ra5 35. Rb2 Kf5 36. Kg2 1/2-1/2

[Event "Championnat de France des Jeunes - Pupillettes"]
[Site "MONTLUCON"]
[Date "2011.04.20"]
[Round "5.7"]
[White "Malferrari, Sofia"]
[Black "Joly, Audrey"]
[Result "1-0"]
[WhiteElo "1606"]
[BlackElo "1140"]
[PlyCount "137"]

1. e4 e5 2. f4 f6 3. fxe5 fxe5 4. Qh5+ g6 5. Qxe5+ Qe7 6. Qxh8 Qh4+ 7. Kd1 Ne7
8. Nf3 Qxe4 9. Qe5 Qxe5 10. Nxe5 d6 11. Nf3 a6 12. d4 Nbc6 13. Bd3 Bg7 14. c3
Bd7 15. Re1 O-O-O 16. Bg5 Re8 17. Nbd2 Kb8 18. Rb1 d5 19. b4 Kc8 20. a4 h6 21.
Bf4 Rf8 22. Bg3 Rf7 23. b5 axb5 24. axb5 Nd8 25. b6 cxb6 26. Rxb6 Ndc6 27. Nb3
Bf6 28. Kc2 g5 29. Ra1 Kd8 30. Rxb7 Bc8 31. Ra8 h5 32. h3 Rg7 33. Nc5 Ke8 34.
Bb5 Kf7 35. Rxc8 Kg6 36. Bxc6 Nxc8 37. Rxg7+ Bxg7 38. Be8+ Kh6 39. Ne6 Bf6 40.
Be5 Be7 41. Bg7+ Kh7 42. Bf8 Bxf8 43. Nxf8+ Kg8 44. Ne6 g4 45. Ne5 gxh3 46.
gxh3 Ne7 47. Bxh5 Nf5 48. Bf7+ Kh8 49. Kb3 Nd6 50. Nc7 Nc8 51. Nxd5 Nd6 52. c4
Kg7 53. c5 Nxf7 54. Nxf7 Kxf7 55. c6 Ke8 56. c7 Kd7 57. h4 Kc8 58. h5 Kd7 59.
h6 Kc8 60. h7 Kd7 61. h8=Q Kc6 62. c8=R+ Kxd5 63. Qh5+ Kxd4 64. Rd8+ Ke4 65.
Qe2+ Kf5 66. Rf8+ Kg6 67. Qg4+ Kh7 68. Rf5 Kh8 69. Rh5# 1-0

[Event "Championnat de France des Jeunes - Pupillettes"]
[Site "MONTLUCON"]
[Date "2011.04.20"]
[Round "5.8"]
[White "Hadji, Rasmie"]
[Black "Guyon, Sophie"]
[Result "1-0"]
[WhiteElo "1440"]
[BlackElo "1400"]
[PlyCount "115"]

1. e4 c5 2. Nf3 Nc6 3. d4 cxd4 4. Nxd4 Nf6 5. Nc3 e6 6. Be2 Bb4 7. Bf3 Bxc3+ 8.
bxc3 O-O 9. O-O Qc7 10. Bg5 Qe5 11. Nxc6 bxc6 12. Bxf6 Qxf6 13. Qd4 Qg5 14. Qd6
Qa5 15. Qb4 Qb6 16. Rfb1 Qc7 17. Rd1 Rb8 18. Qa3 Rd8 19. Qe7 Rf8 20. Qa3 Rd8
21. Rab1 Rb7 22. Rxb7 Bxb7 23. Rb1 a6 24. Qe7 Rc8 25. Qb4 Rb8 26. Qb6 Qxb6 27.
Rxb6 Kf8 28. Be2 a5 29. Ba6 Ke7 30. Rxb7 Rxb7 31. Bxb7 Kd6 32. Kf1 Ke5 33. f3
h6 34. Ke2 c5 35. Ke3 Kd6 36. f4 f6 37. Kd3 Kc7 38. Ba6 Kb6 39. Bc4 Kc6 40. e5
d5 41. exd6 Kxd6 42. Bb3 g5 43. Ke4 f5+ 44. Ke3 e5 45. fxg5 hxg5 46. g3 g4 47.
Bc4 Ke7 48. Bf1 Kf6 49. h3 Kg5 50. h4+ Kh5 51. c4 a4 52. a3 Kg6 53. Bd3 Kf6 54.
h5 Kg5 55. h6 Kxh6 56. Bxf5 Kg5 57. Ke4 Kf6 58. Bxg4 1-0

[Event "Championnat de France des Jeunes - Pupillettes"]
[Site "MONTLUCON"]
[Date "2011.04.20"]
[Round "5.9"]
[White "Mutschler, Marie"]
[Black "Moreau, Lauren"]
[Result "1-0"]
[WhiteElo "1610"]
[BlackElo "1380"]
[PlyCount "47"]

1. d4 d5 2. Nf3 Nf6 3. e3 e6 4. c4 Be7 5. Nc3 O-O 6. Bd3 Nbd7 7. O-O Re8 8. e4
c6 9. e5 Ne4 10. Nxe4 dxe4 11. Bxe4 f5 12. exf6 Nxf6 13. Bc2 Qc7 14. b3 Rf8 15.
Qd3 g6 16. Qc3 Ng4 17. Ne5 Nxe5 18. dxe5 b6 19. Qg3 Kg7 20. h4 Bb7 21. h5 Rh8
22. Bxg6 Rag8 23. h6+ Kf8 24. Qf4+ 1-0

[Event "Championnat de France des Jeunes - Pupillettes"]
[Site "MONTLUCON"]
[Date "2011.04.20"]
[Round "5.10"]
[White "Leriche, Ines"]
[Black "Gregoire, Roxanne"]
[Result "1-0"]
[WhiteElo "1585"]
[BlackElo "1383"]
[PlyCount "63"]

1. d4 d5 2. c4 c6 3. Nf3 Nf6 4. Qc2 e6 5. g3 Bd6 6. Bg2 O-O 7. O-O Nbd7 8. b3
c5 9. cxd5 Nxd5 10. e4 Nb4 11. Qc3 cxd4 12. Nxd4 Qb6 13. Bb2 Bc5 14. Nxe6 Nf6
15. Nxc5 a5 16. a3 Nc6 17. e5 Ne8 18. Nd2 Qc7 19. Rac1 Bf5 20. Nxb7 Ra7 21.
Qxc6 Rxb7 22. Qxb7 Qxb7 23. Bxb7 Bh3 24. Rfd1 f6 25. Bd5+ Kh8 26. e6 Nd6 27.
Re1 Nf5 28. Bc6 Ne7 29. Bd7 h5 30. Rc7 Kh7 31. Ba4 Nd5 32. Rf7 1-0

[Event "Championnat de France des Jeunes - Pupillettes"]
[Site "MONTLUCON"]
[Date "2011.04.21"]
[Round "6.1"]
[White "Gtari, Aliya"]
[Black "Hug, Roxana"]
[Result "0-1"]
[WhiteElo "1450"]
[BlackElo "1550"]
[Annotator ""]

1. e4 c6 2. d4 d5 3. exd5 cxd5 4. Bd3 Nc6 5. Nf3 g6 6. Be3 Bg7 7. c3 Nf6 8. O-O
O-O 9. Nbd2 Qc7 10. h3 b6 11. Nb3 Bb7 12. Qc1 Rfe8 13. Bf4 Qc8 14. Re1 Ne4 15.
Nbd2 Nf6 16. Nb3 Qd7 17. a4 a5 18. Bb5 Qd8 19. Qc2 Rf8 20. Re2 Rc8 21. Rae1 e6
22. Qc1 Ne7 23. Na1 Nf5 24. Nc2 Nd6 25. Bd3 Bc6 26. b3 Bb7 27. Na3 Nfe4 28. c4
h5 29. Rc2 Qd7 30. Ne5 Qd8 31. f3 Nf6 32. Be3 Nfe8 33. Be2 Nf5 34. Bf2 h4 35.
Nb5 Ra8 36. Rd1 Nf6 37. c5 Ba6 38. c6 Qe7 39. c7 Rfc8 40. Rc3 Bxb5 41. Bxb5 Bh6
42. Qc2 Bf4 43. Rc6 Nd7 44. Re1 Nxe5 45. dxe5 Bg3 46. Bxg3 hxg3 47. Rc1 Nd4 48.
Qd3 Nxc6 49. Rxc6 Rxc7 50. Rxc7 Qxc7 51. Qe3 Rc8 52. Bf1 Qc5 53. Qxc5 Rxc5 54.
f4 Rc3 55. f5 Rxb3 56. f6 d4 57. Kh1 Rb1 58. Kg1 d3 59. h4 d2 0-1

[Event "Championnat de France des Jeunes - Pupillettes"]
[Site "MONTLUCON"]
[Date "2011.04.21"]
[Round "6.2"]
[White "Aubert, Laurane"]
[Black "Afraoui, Anaelle"]
[Result "0-1"]
[WhiteElo "1420"]
[BlackElo "1503"]
[PlyCount "102"]

1. e4 c5 2. Nc3 Nc6 3. g3 e6 4. Bg2 a6 5. d3 Nf6 6. a3 Be7 7. f4 d6 8. Nf3 O-O
9. O-O Qc7 10. h3 b5 11. Be3 Bb7 12. Qd2 Rad8 13. Ne2 d5 14. e5 Nd7 15. c3 Nb6
16. Qe1 Rfe8 17. Qf2 Nd7 18. Nc1 h6 19. Nb3 c4 20. dxc4 dxc4 21. Nbd2 Na5 22.
Kh2 Bc5 23. Nd4 Bxg2 24. Qxg2 Nb6 25. Ne4 Nb3 26. Rad1 Nd5 27. Bf2 Nxd4 28.
cxd4 Bb6 29. Qf3 Ne7 30. g4 Qd7 31. Nd6 Rf8 32. Rd2 Nc8 33. Nxc8 Qxc8 34. Rfd1
Rd5 35. Be3 Qd7 36. Qg2 Qe7 37. f5 Rfd8 38. fxe6 Qxe6 39. g5 hxg5 40. Bxg5 R8d7
41. Bf6 g6 42. Qg5 Bd8 43. Rf1 Bxf6 44. exf6 Rxg5 45. Rfd1 Qxf6 46. d5 Qf4+ 47.
Kh1 Qf3+ 48. Kh2 Qg3+ 49. Kh1 Qxh3+ 50. Rh2 Qf3+ 51. Rg2 Qxg2# 0-1

[Event "Championnat de France des Jeunes - Pupillettes"]
[Site "MONTLUCON"]
[Date "2011.04.21"]
[Round "6.4"]
[White "Leguet, Alexia"]
[Black "Chung, Mathilde"]
[Result "0-1"]
[WhiteElo "1440"]
[BlackElo "1668"]
[PlyCount "60"]

1. e4 c5 2. Nf3 Nc6 3. d4 cxd4 4. Nxd4 Nf6 5. Nc3 e5 6. Nxc6 bxc6 7. Bc4 Bb4 8.
Bg5 h6 9. Bxf6 Qxf6 10. Qd2 O-O 11. O-O Rd8 12. Rad1 Bb7 13. Rfe1 d5 14. exd5
cxd5 15. Bxd5 Bxd5 16. Nxd5 Bxd2 17. Nxf6+ gxf6 18. Re2 Bc3 19. Rb1 Rab8 20. b3
Rd5 21. g3 Rbd8 22. Kg2 Rd2 23. Rxd2 Rxd2 24. Re1 Rxc2 25. Re3 Bd4 26. Rf3 Kg7
27. a4 Kg6 28. h4 e4 29. Rf4 f5 30. Kf1 Be5 0-1

[Event "Championnat de France des Jeunes - Pupillettes"]
[Site "MONTLUCON"]
[Date "2011.04.21"]
[Round "6.5"]
[White "Broly, Mathilde"]
[Black "Beda, Salome"]
[Result "1-0"]
[WhiteElo "1634"]
[BlackElo "1437"]
[PlyCount "91"]

1. c4 e6 2. Nf3 c5 3. d4 Nc6 4. Nc3 Nf6 5. e4 d6 6. Be2 Be7 7. O-O O-O 8. Be3
cxd4 9. Nxd4 Qd7 10. Qd2 b6 11. f3 Bb7 12. Rfd1 Rfd8 13. Ncb5 d5 14. Nxc6 Bxc6
15. e5 Bxb5 16. exf6 Bxf6 17. cxb5 d4 18. Bg5 e5 19. Bxf6 gxf6 20. Rac1 Rac8
21. Rxc8 Rxc8 22. Bd3 Kf8 23. Qh6+ Ke7 24. Qxh7 Kd6 25. Bf5 Qc7 26. Bxc8 Qxc8
27. Qxf7 Qe6 28. Qxe6+ Kxe6 29. Kf2 f5 30. h4 Kf6 31. g4 Kg6 32. Re1 fxg4 33.
Rxe5 gxf3 34. Kxf3 d3 35. Ke3 d2 36. Kxd2 Kh6 37. Ke3 Kg6 38. Kf4 Kf6 39. h5
Kf7 40. Kf5 Kg7 41. h6+ Kxh6 42. Re7 a5 43. bxa6 b5 44. a7 b4 45. a8=Q b3 46.
Qh8# 1-0